000 00321 a2200109 4500
001 ART_11443
005 20260410161857.0
008 260409a
245 1 0 _aMacroeconomía y sector agropecuario
100 1 _aVisintini, Alfredo
773 0 _tRevista de Economía
_g- Nº 73 (abr./jun. 1994)
_wREV11077
999 _c25580
_d25580